000 00547nam a22001697a 4500
999 _c55208
_d55208
008 200117b ||||| |||| 00| 0 eng d
020 _a9780281061273
050 _a BS1265.53
_b.G65 2010
100 _a Goldingay, John.
245 _a Numbers and Deuteronomy for everyone /
_cJohn Goldingay.
260 _aLouisville, Ky. :
_bWestminster John Knox Press,
_c2010
300 _axi, 206 pages :
_bmaps ;
_c19 cm.
500 _aIncludes references and bibliographies
650 _aBible-Numbers
650 _aBible- Deutronomy
942 _2lcc
_cBK